000 00374nam a22001697a 4500
005 20160627110755.0
008 160627b xxu||||| |||| 00| 0 eng d
020 _a0-553-24698-4
041 _aeng
082 _b10424
100 _aToffler Alvin
_92882
245 _aThe Third Wave
260 _bBanton
_c1981
300 _a443
650 _aManagement
_9241
942 _cBK
999 _c4177
_d4176